Catálogo público

Biología molecular y herencia / (Record no. 164859)

MARC details
000 -CABECERA
campo de control de longitud fija 01280nam a2200361Ia 4500
001 - NÚMERO DE CONTROL
campo de control Z_1768
003 - IDENTIFICADOR DEL NÚMERO DE CONTROL
campo de control CHAP
008 - DATOS DE LONGITUD FIJA--INFORMACIÓN GENERAL
campo de control de longitud fija 220113s9999 xx 000 0 und d
010 ## - NÚMERO DE CONTROL DE LA BIBLIOTECA DEL CONGRESO
Número de control de LC 164859
020 ## - NÚMERO INTERNACIONAL ESTÁNDAR DEL LIBRO
Número Internacional Estándar del Libro 968-24-5818-8
040 ## - FUENTE DE LA CATALOGACIÓN
Centro/agencia transcriptor CHAP
082 ## - NÚMERO DE LA CLASIFICACIÓN DECIMAL DEWEY
Número de clasificación 574.88 W35
100 ## - ENTRADA PRINCIPAL--NOMBRE DE PERSONA
Nombre de persona Wallace, Robert Ardell
9 (RLIN) 120920
245 ## - MENCIÓN DE TÍTULO
Título Biología molecular y herencia /
Mención de responsabilidad, etc. Robert Ardell Wallace, Jack L. king y Gerald P. Sanders; traducción María Eugenia Manjarréz Zavala...[et al.]; revisión técnica y coordinación Julio Raúl Santiago Cruz
260 ## - PUBLICACIÓN, DISTRIBUCIÓN, ETC.
Lugar de publicación, distribución, etc. México :
Nombre del editor, distribuidor, etc. Trillas,
Fecha de publicación, distribución, etc.
300 ## - DESCRIPCIÓN FÍSICA
Extensión 224 p.
440 ## - MENCIÓN DE SERIE/PUNTO DE ACCESO ADICIONAL--TÍTULO
Título La ciencia de la vida, 1
9 (RLIN) 138921
500 ## - NOTA GENERAL
Nota general Traducción de la obra en inglés: Biology. the science of life \ La biblioteca cuenta con las reimpresiones de 1999 y 2002
503 ## - NOTA DE HISTORIA BIBLIOGRÁFICA (BK CF MU) [OBSOLETO]
Nota de historia bibliográfica ej.1: 199299 \ ej.2: C/E
504 ## - NOTA DE BIBLIOGRAFÍA, ETC.
Nota de bibliografía, etc. Bibliografía: p. 408 - 409
650 ## - PUNTO DE ACCESO ADICIONAL DE MATERIA--TÉRMINO DE MATERIA
Término de materia o nombre geográfico como elemento de entrada Biología molecular
9 (RLIN) 138922
650 ## - PUNTO DE ACCESO ADICIONAL DE MATERIA--TÉRMINO DE MATERIA
Término de materia o nombre geográfico como elemento de entrada Genética
9 (RLIN) 47469
700 ## - PUNTO DE ACCESO ADICIONAL--NOMBRE DE PERSONA
Nombre de persona Manjarréz Zavala, María Eugenia, tr.
9 (RLIN) 138923
700 ## - PUNTO DE ACCESO ADICIONAL--NOMBRE DE PERSONA
Nombre de persona Sanders, Gerald P., coaut.
9 (RLIN) 138924
700 ## - PUNTO DE ACCESO ADICIONAL--NOMBRE DE PERSONA
Nombre de persona Santiago Cruz, Julio Raúl, rev.
9 (RLIN) 138925
700 ## - PUNTO DE ACCESO ADICIONAL--NOMBRE DE PERSONA
Nombre de persona king, Jack L., coaut.
9 (RLIN) 138926
901 ## - ELEMENTOS DE DATOS A LOCAL LDA (RLIN)
a 574.88 W35
902 ## - ELEMENTOS DE DATOS B LOCAL, LDB (RLIN)
a M
910 ## - DATOS DE OPCIÓN DEL USUARIO (OCLC)
Datos de opción del usuario
942 ## - ELEMENTOS DE PUNTO DE ACCESO ADICIONAL (KOHA)
Tipo de ítem Koha Libro_
942 ## - ELEMENTOS DE PUNTO DE ACCESO ADICIONAL (KOHA)
Tipo de ítem Koha
Holdings
Estado de retiro Estado de pérdida Fuente del sistema de clasificación o colocación Estado dañado No para préstamo Código de colección Localización permanente Ubicación/localización actual Ubicación en estantería Fecha de adquisición Código de barras Fecha visto por última vez Número de copia Precio válido a partir de Tipo de ítem Koha
    Dewey Decimal Classification     General Zootecnia Zootecnia   09/11/2005 z_3207 18/01/2022 1 18/01/2022 Libro
    Dewey Decimal Classification     General Zootecnia Zootecnia   09/11/2005 z_4644 18/01/2022 2 18/01/2022 Libro